Normal view
MARC view
Entry Personal Name
001 - CONTROL NUMBER
- control field: 14511
003 - CONTROL NUMBER IDENTIFIER
- control field: ARRUPE
005 - DATE AND TIME OF LATEST TRANSACTION
- control field: 20150121165812.0
008 - FIXED-LENGTH DATA ELEMENTS
- fixed length control field: 150121|| aca||aabn | a|a d
040 ## - CATALOGING SOURCE
- Original cataloging agency: ARRUPE
- Transcribing agency: ARRUPE
100 ## - HEADING--PERSONAL NAME
- Personal name: Kristeller, Paul Oskar,
- Dates associated with a name: 1905-1999,
- Relator term: comp.
670 ## - SOURCE DATA FOUND
- Source citation: Work cat.: (ARRUPE)0: Kristeller, Paul Oskar, 1905-1999, comp., Renaissance essays., [1968]